| 000 | 00711nam a2200205 a 4500 | ||
|---|---|---|---|
| 005 | 20210223130754.0 | ||
| 008 | 081103s1987 mx r 000 0 spa d | ||
| 035 | _aUPN01000164815 | ||
| 049 | _aUNE | ||
| 080 | _a371.46 (593) =20 DEL No.174. | ||
| 100 | 1 | _aDelcroix-Howell, Catherine | |
| 245 | 1 | 0 |
_aMother-tongue literacy programme for refugees : _bthe hmong in ban vinai camp, Thailand / _cby Catherine Delcroix-Howell. |
| 260 |
_aParís : _bUNESCO ; _aNew York : _bUNICEF, _c1987. |
||
| 300 |
_a24 p. : _bil. |
||
| 440 | 0 |
_aNotes, comments... ; _v174 |
|
| 690 | _aEnseñanza de la lengua materna - Tailandia | ||
| 710 | 2 |
_aUNICEF _924085 |
|
| 710 | 2 | _aPrograma de Alimentación Mundial | |
| 905 | _aUNESCO | ||
| 999 |
_c136927 _d136927 |
||